Obálka Náhled e-knihy:
PDF Epub
Pro půjčování e-knih musíte být přihlášeni.
Jak si půjčit online?

Žalobce /

Jack Fairweather, autor bestselleru Dobrovolník, odkrývá v knize Žalobce šokující realitu poválečného Německa. Vypráví syrový a poutavý příběh Fritze Bauera, židovského právníka, který se rozhodl prolomit hradbu mlčení. V zemi ovládané bývalými nacisty a špiony CIA se Bauer vydává po stopě Adolfa Ei...

Celý popis

Uloženo v:
Hlavní autor: Fairweather, Jack (Autor)
Médium: E-kniha
Jazyk:Czech
Vydáno: Praha : Albatros Media a.s., 2026
Tagy:
Žádné tagy
LEADER 01524nam a22002297i 4500
001 302225
007 ta
008 260510s2026 xr ||||| |||| 00| 0 cze d
020 |a 9788026460008 
044 |a xr 
100 1 |a  Fairweather, Jack  |4 aut 
245 1 0 |a Žalobce /  |c  Fairweather, Jack 
240 1 0 |a The Prosecutor  
264 1 |a Praha :  |b Albatros Media a.s.,  |c 2026 
300 |a 1 online zdroj (400 stran) 
336 |a text  |b txt  |2 rdacontent 
337 |a bez média  |b n  |2 rdamedia 
338 |a online zdroj  |b cr  |2 rdacarrier 
520 2 |a Jack Fairweather, autor bestselleru Dobrovolník, odkrývá v knize Žalobce šokující realitu poválečného Německa. Vypráví syrový a poutavý příběh Fritze Bauera, židovského právníka, který se rozhodl prolomit hradbu mlčení. V zemi ovládané bývalými nacisty a špiony CIA se Bauer vydává po stopě Adolfa Eichmanna, přičemž musí čelit vlastní vládě i zákonům, které ho jako homosexuála stále kriminalizují. Fairweather přináší portrét muže, jenž riskoval vše, aby nebyly zapomenuty válečné zločiny. 
910 |a RBIT002 
998 |d 426829  |a https://core.palmknihy.cz/api/books/426829/cover?teo7or  |b https://core.palmknihy.cz/api/books/426829/cover/400?teo7or  |c https://core.palmknihy.cz/api/books/426829/cover/50?teo7or  |e 2030-10-07  |g 400  |i 9788026460008  |j https://core.palmknihy.cz/api/books/426829/preview.epub  |k https://core.palmknihy.cz/api/books/426829/preview.pdf  |l   |q 49  |r 1  |s https://www.palmknihy.cz/kniha/426829  |t ebook  |y 2026  |z 1 
999 |d 302223